[Event "CYCC U16"]
[Site "Laval CAN"]
[Date "2024.07.11"]
[Round "5.22"]
[White "Chunchu, Ashwin"]
[Black "Kot, Emanuel"]
[Result "1-0"]
[WhiteElo "2121"]
[BlackElo "2215"]
[WhiteFideId "-1"]
[WhiteFideId "-1"]
[PlyCount "67"]
[GameId "2160767905934352"]
[EventDate "2024.07.09"]
[EventType "swiss"]
[EventRounds "7"]
[EventCountry "CAN"]

1. e4 c5 2. Nc3 Nc6 3. Bb5 Nd4 4. Nf3 a6 5. Bd3 Nc6 6. b3 d6 7. Bb2 e6 8. O-O Nf6 9. Qe2 e5 10. Nd5 Be7 11. c3 O-O 12. Bc2 Bg4 13. Ne3 Bh5 14. Rad1 Qc7 15. Nd5 Nxd5 16. exd5 Nb8 17. d4 exd4 18. cxd4 Bf6 19. g4 Bg6 20. g5 Bxd4 21. Nxd4 cxd4 22. Bxg6 hxg6 23. Rxd4 Nd7 24. Re4 Rac8 25. Qe3 Qc5 26. Qd3 Nb6 27. Rd1 Rfe8 28. Rh4 Qc2 29. Qd4 f6 30. gxf6 Re5 31. fxg7 Rc5 32. Rc1 Qf5 33. Rxc5 Qg5+ 34. Kf1 1-0

[Event "CYCC U16"]
[Site "Laval CAN"]
[Date "2024.07.12"]
[Round "6.27"]
[White "Kot, Emanuel"]
[Black "Dossa, Andre"]
[Result "1-0"]
[WhiteElo "2215"]
[BlackElo "1721"]
[WhiteFideId "-1"]
[WhiteFideId "-1"]
[PlyCount "89"]
[GameId "2160767905934392"]
[EventDate "2024.07.09"]
[EventType "swiss"]
[EventRounds "7"]
[EventCountry "CAN"]

1. e4 c6 2. d4 d5 3. Nc3 dxe4 4. Nxe4 Nf6 5. Nxf6+ exf6 6. c3 Bd6 7. Bd3 O-O 8. Qc2 Re8+ 9. Ne2 h5 10. O-O h4 11. Nf4 Nd7 12. Qd1 Nf8 13. Qh5 Bxf4 14. Bxf4 h3 15. gxh3 Be6 16. Rfe1 Qd5 17. Qxd5 Bxd5 18. b3 Bf3 19. Bf5 Ne6 20. Be3 Ng5 21. Bxg5 fxg5 22. Re3 Rxe3 23. fxe3 g6 24. Bd3 Re8 25. Kf2 Be4 26. Bxe4 Rxe4 27. Rg1 f6 28. Rg4 Re7 29. h4 Rh7 30. hxg5 Rxh2+ 31. Rg2 Rh5 32. gxf6 Rf5+ 33. Ke2 Rxf6 34. e4 Re6 35. e5 Kf7 36. Ke3 Re8 37. Rh2 Kg7 38. Ke4 Rd8 39. c4 a5 40. d5 cxd5+ 41. cxd5 b5 42. d6 a4 43. Kd5 axb3 44. axb3 b4 45. e6 1-0

[Event "CYCC U16"]
[Site "Laval CAN"]
[Date "2024.07.12"]
[Round "7.23"]
[White "Kot, Emanuel"]
[Black "Tomilin, Ryan"]
[Result "1/2-1/2"]
[WhiteElo "2215"]
[BlackElo "1621"]
[WhiteFideId "-1"]
[WhiteFideId "-1"]
[PlyCount "108"]
[GameId "2160767905934422"]
[EventDate "2024.07.09"]
[EventType "swiss"]
[EventRounds "7"]
[EventCountry "CAN"]

1. e4 e5 2. Nf3 Nc6 3. Bb5 f5 4. d3 fxe4 5. dxe4 Nf6 6. O-O Bc5 7. Bxc6 bxc6 8. Nxe5 O-O 9. Nc3 d6 10. Nd3 Bd4 11. Qe1 Qe8 12. Ne2 Qxe4 13. Nxd4 Qxd4 14. Be3 Qh4 15. Qd2 Nd5 16. Bg5 Qh5 17. c4 Nf6 18. f3 Qf7 19. b3 Bf5 20. Rfe1 Rfe8 21. Bh4 a5 22. Nb2 h6 23. Rxe8+ Nxe8 24. Re1 Nf6 25. Qc3 Bd7 26. Re3 Kf8 27. Qe1 c5 28. Nd1 a4 29. Nf2 g5 30. Bg3 Bc6 31. Qc3 axb3 32. axb3 Re8 33. Rxe8+ Bxe8 34. Ne4 Ke7 35. Qa5 Kf8 36. Qa1 Ke7 37. Qa5 Kf8 38. Qc3 Ke7 39. Qe3 Qe6 40. h4 Nxe4 41. fxe4 gxh4 42. Bxh4+ Kd7 43. Bg3 Bf7 44. e5 h5 45. Qf2 d5 46. Qxc5 Qb6 47. Qxb6 cxb6 48. cxd5 Bxd5 49. b4 b5 50. Kf2 Ke6 51. Bf4 Bb3 52. Kg3 Bd1 53. Kh4 Bg4 54. Kg5 Bd1 1/2-1/2

[Event "Laval op"]
[Site "Laval CAN"]
[Date "2024.06.21"]
[Round "1.10"]
[White "Fiset, Anais Chloe"]
[Black "Kot, Emanuel"]
[Result "0-1"]
[WhiteElo "1966"]
[BlackElo "2226"]
[WhiteFideId "-1"]
[WhiteFideId "-1"]
[PlyCount "74"]
[GameId "2160767905934793"]
[EventDate "2024.06.21"]
[EventType "swiss"]
[EventRounds "5"]
[EventCountry "CAN"]

1. e4 c5 2. Nf3 d6 3. Bb5+ Nd7 4. O-O a6 5. Be2 Ngf6 6. d3 e6 7. Re1 Be7 8. h3 O-O 9. a4 b6 10. Bf4 Bb7 11. Nbd2 b5 12. axb5 axb5 13. Rxa8 Qxa8 14. c3 Bc6 15. Bf1 e5 16. Bh2 Re8 17. Nb3 c4 18. dxc4 bxc4 19. Nbd2 Nxe4 20. Nxc4 f6 21. Ne3 d5 22. Bd3 Rb8 23. Qe2 Ndc5 24. Bb1 Qb7 25. Ba2 Ra8 26. Bb1 Ra1 27. Nf5 Bf8 28. Bxe4 Rxe1+ 29. Nxe1 Nxe4 30. Nf3 Bc5 31. Ne3 Qb3 32. Bg3 Bb5 33. Qe1 Qxb2 34. Kh2 Qxc3 35. Qb1 Qd3 36. Qxd3 Bxd3 37. Nxd5 Nxf2 0-1

[Event "Laval op"]
[Site "Laval CAN"]
[Date "2024.06.22"]
[Round "2.7"]
[White "Kot, Emanuel"]
[Black "Wang, Derek"]
[Result "1/2-1/2"]
[WhiteElo "2226"]
[BlackElo "2081"]
[WhiteFideId "-1"]
[WhiteFideId "-1"]
[PlyCount "47"]
[GameId "2160767905934806"]
[EventDate "2024.06.21"]
[EventType "swiss"]
[EventRounds "5"]
[EventCountry "CAN"]

1. e4 c5 2. Nf3 e6 3. d4 cxd4 4. Nxd4 Nf6 5. Nc3 Nc6 6. a3 Be7 7. Be3 O-O 8. Be2 d6 9. O-O Bd7 10. f4 a6 11. Nb3 Rc8 12. Qe1 Na5 13. Nxa5 Qxa5 14. Nd5 Qd8 15. Bb6 Qe8 16. Nc7 Rxc7 17. Bxc7 Qc8 18. Qa5 Nxe4 19. Bf3 Nd2 20. Qxd2 Qxc7 21. c3 Rd8 22. Kh1 Qb6 23. Qf2 Qc7 24. Rad1 1/2-1/2

[Event "Laval op"]
[Site "Laval CAN"]
[Date "2024.06.22"]
[Round "3.6"]
[White "Turcotte, Jonathan"]
[Black "Kot, Emanuel"]
[Result "1-0"]
[WhiteElo "2043"]
[BlackElo "2226"]
[WhiteFideId "-1"]
[WhiteFideId "-1"]
[PlyCount "115"]
[GameId "2160767905934820"]
[EventDate "2024.06.21"]
[EventType "swiss"]
[EventRounds "5"]
[EventCountry "CAN"]

1. d4 Nf6 2. c4 g6 3. Nc3 Bg7 4. e4 d6 5. Be2 O-O 6. Nf3 e5 7. O-O Nc6 8. d5 Ne7 9. b4 a5 10. Ba3 axb4 11. Bxb4 Re8 12. h3 b6 13. a4 Bf8 14. Re1 c5 15. dxc6 Nxc6 16. Ba3 Na5 17. Bf1 Ba6 18. Nb5 Nb7 19. Nd2 Qd7 20. Nb1 Red8 21. N1c3 Na5 22. Qf3 Bxb5 23. Nxb5 Ne8 24. Red1 Qc6 25. Qd3 Nc7 26. f3 Nb7 27. Bb4 Nc5 28. Qc2 N5e6 29. Qf2 Na6 30. Bc3 Nac5 31. Qc2 Ra6 32. Ra3 Rda8 33. Rda1 Nb7 34. Qd1 Qc5+ 35. Kh1 Na5 36. Qd5 Nc6 37. g3 Nb4 38. Qd2 Nc6 39. f4 Rc8 40. R3a2 Ned4 41. Rd1 Bg7 42. Qf2 Raa8 43. f5 Nxb5 44. Qxc5 dxc5 45. cxb5 Nd4 46. fxg6 hxg6 47. Bc4 Rcb8 48. Rf1 Ra7 49. a5 bxa5 50. Rxa5 Rab7 51. b6 Ne6 52. Ra7 Nd8 53. Rxb7 Rxb7 54. Rb1 Rb8 55. Bd5 Nb7 56. Ra1 Nd6 57. Ra8 Rxa8 58. Bxa8 1-0

[Event "Laval op"]
[Site "Laval CAN"]
[Date "2024.06.23"]
[Round "4.8"]
[White "Kot, Emanuel"]
[Black "Berube, Maximilien"]
[Result "1-0"]
[WhiteElo "2226"]
[BlackElo "1969"]
[WhiteFideId "-1"]
[WhiteFideId "-1"]
[PlyCount "79"]
[GameId "2160767905934840"]
[EventDate "2024.06.21"]
[EventType "swiss"]
[EventRounds "5"]
[EventCountry "CAN"]

1. e4 c6 2. d4 d5 3. Nc3 dxe4 4. Nxe4 Bf5 5. Ng3 Bg6 6. h4 h6 7. Nf3 Nd7 8. h5 Bh7 9. Bd3 Bxd3 10. Qxd3 e6 11. Bd2 Ngf6 12. O-O-O Be7 13. Ne4 Qb6 14. Nxf6+ Nxf6 15. Ne5 Rd8 16. Be3 Qb5 17. c4 Qa6 18. Kb1 b5 19. c5 Nd7 20. Bf4 Nxe5 21. Bxe5 Bf6 22. Qg3 Qc8 23. Bd6 Qb7 24. f4 Kd7 25. f5 Kc8 26. fxe6 fxe6 27. Rhe1 Rhe8 28. Qg4 Qd7 29. Re4 e5 30. Qxd7+ Rxd7 31. Rde1 Re6 32. dxe5 Bd8 33. Rf1 Bc7 34. Rf8+ Kb7 35. Ref4 Bxd6 36. exd6 Re5 37. R4f7 Rxf7 38. Rxf7+ Kb8 39. Rf8+ Kb7 40. d7 1-0

[Event "Laval op"]
[Site "Laval CAN"]
[Date "2024.06.23"]
[Round "5.6"]
[White "Pomerantz, Daniel"]
[Black "Kot, Emanuel"]
[Result "1/2-1/2"]
[WhiteElo "2113"]
[BlackElo "2226"]
[WhiteFideId "-1"]
[WhiteFideId "-1"]
[PlyCount "44"]
[GameId "2160767905934856"]
[EventDate "2024.06.21"]
[EventType "swiss"]
[EventRounds "5"]
[EventCountry "CAN"]

1. e4 c5 2. Nf3 d6 3. d4 cxd4 4. Nxd4 Nf6 5. Nc3 Nc6 6. Bg5 e6 7. Qd2 a6 8. O-O-O Bd7 9. Kb1 b5 10. Nxc6 Bxc6 11. f3 Be7 12. h4 h6 13. Be3 h5 14. Ne2 Qc7 15. Nd4 Bd7 16. Bd3 Rb8 17. Rdg1 Qb7 18. Qe2 a5 19. Bd2 Qb6 20. Be3 Qb7 21. Bd2 Qb6 22. Be3 Qb7 1/2-1/2

[Event "Eastern Ontario op"]
[Site "Ottawa CAN"]
[Date "2024.06.15"]
[Round "3"]
[White "Sambuev, Bator"]
[Black "Kot, Emanuel"]
[Result "1-0"]
[WhiteElo "2483"]
[BlackElo "2114"]
[WhiteFideId "-1"]
[WhiteFideId "-1"]
[PlyCount "59"]
[GameId "2160767905934888"]
[EventDate "2024.06.14"]
[EventType "swiss"]
[EventRounds "5"]
[EventCountry "CAN"]

1. d4 d5 2. c4 e6 3. Nc3 Nf6 4. cxd5 Nxd5 5. Nf3 c5 6. e3 Nxc3 7. bxc3 Be7 8. Bd3 O-O 9. O-O Nc6 10. Qe2 Qc7 11. e4 Rd8 12. Be3 b6 13. Rac1 Bb7 14. Rfd1 h6 15. Bb1 Bf8 16. h4 e5 17. d5 Ne7 18. c4 g6 19. Qd2 Kh7 20. d6 Qc8 21. dxe7 Rxd2 22. exf8=N+ Qxf8 23. Rxd2 Rd8 24. h5 gxh5 25. Nxe5 Rxd2 26. Bxd2 Qe7 27. Bc3 f6 28. Nd3 Bxe4 29. Re1 f5 30. f3 1-0

[Event "Eastern Ontario op"]
[Site "Ottawa CAN"]
[Date "2024.06.16"]
[Round "5"]
[White "Kot, Emanuel"]
[Black "Rousskikh, Maxim"]
[Result "0-1"]
[WhiteElo "2114"]
[BlackElo "1961"]
[WhiteFideId "-1"]
[WhiteFideId "-1"]
[PlyCount "86"]
[GameId "2160767905934898"]
[EventDate "2024.06.14"]
[EventType "swiss"]
[EventRounds "5"]
[EventCountry "CAN"]

1. e4 c6 2. d4 d5 3. Nc3 dxe4 4. Nxe4 Nf6 5. Nxf6+ exf6 6. c3 Bd6 7. Bd3 O-O 8. Qc2 Re8+ 9. Ne2 h5 10. O-O h4 11. Nf4 Nd7 12. Qd1 Nf8 13. Qh5 b5 14. Bd2 Qc7 15. g3 g6 16. Qh6 Bg4 17. f3 Bd7 18. Rfe1 hxg3 19. hxg3 Rxe1+ 20. Rxe1 Re8 21. Rxe8 Bxe8 22. c4 Nh7 23. c5 Bf8 24. Qh2 Ng5 25. Qe2 Bd7 26. Kg2 Bc8 27. b4 a6 28. Qe8 Bd7 29. Qa8 Bc8 30. a4 Qd7 31. axb5 axb5 32. Qa1 Bh6 33. Bc3 Nh3 34. Ne2 Ng5 35. Ng1 Kh7 36. Qa2 Ne6 37. Ne2 Be3 38. g4 Kg7 39. Qb2 Qd5 40. Be4 Qg5 41. Bxc6 Qh4 42. f4 Qf2+ 43. Kh3 Bxf4 0-1

[Event "Maplewood Pro Cup"]
[Site "Montreal CAN"]
[Date "2024.05.31"]
[Round "1.16"]
[White "Filion, Samuel"]
[Black "Kot, Emanuel"]
[Result "0-1"]
[WhiteElo "1812"]
[BlackElo "2105"]
[WhiteFideId "-1"]
[WhiteFideId "-1"]
[PlyCount "114"]
[GameId "2160767905935024"]
[EventDate "2024.05.31"]
[EventType "swiss"]
[EventRounds "6"]
[EventCountry "CAN"]

1. e4 c5 2. c3 Nf6 3. e5 Nd5 4. d4 cxd4 5. cxd4 e6 6. Nf3 Nc6 7. Bc4 d6 8. O-O Be7 9. Bd2 O-O 10. Nc3 Nb6 11. Bb3 dxe5 12. dxe5 Nd4 13. Nxd4 Qxd4 14. Qe2 Bd7 15. Rad1 Bc6 16. Bg5 Qb4 17. Bxe7 Qxe7 18. Ne4 Bxe4 19. Qxe4 Rfd8 20. g3 g6 21. Rxd8+ Rxd8 22. Rd1 Rd7 23. Rxd7 Qxd7 24. Kg2 Qc7 25. f4 Kg7 26. Kf3 Qc1 27. Qc2 Qh1+ 28. Qg2 Qe1 29. Qe2 Qg1 30. Qf2 Qc1 31. Qc2 Qf1+ 32. Qf2 Qd3+ 33. Qe3 Qb5 34. Qe2 Qc6+ 35. Kf2 Nd7 36. Qf3 Qb6+ 37. Qe3 Nc5 38. Ke2 Qb5+ 39. Kd2 Qb4+ 40. Kc2 b6 41. Qf3 a5 42. a3 Qd4 43. Ba2 Na4 44. Qb3 Qf2+ 45. Kc1 Nc5 46. Qc2 Qg1+ 47. Qd1 Qxh2 48. Qf3 Qg1+ 49. Kc2 Qe1 50. Bc4 h5 51. g4 h4 52. f5 Qxe5 53. fxe6 Nxe6 54. Bxe6 Qxe6 55. Qh3 Qe2+ 56. Kc1 Qe1+ 57. Kc2 Qg3 0-1

[Event "Maplewood Pro Cup"]
[Site "Montreal CAN"]
[Date "2024.06.01"]
[Round "3.11"]
[White "Lalonde, Olivier"]
[Black "Kot, Emanuel"]
[Result "1-0"]
[WhiteElo "1888"]
[BlackElo "2105"]
[WhiteFideId "-1"]
[WhiteFideId "-1"]
[PlyCount "85"]
[GameId "2160767905935062"]
[EventDate "2024.05.31"]
[EventType "swiss"]
[EventRounds "6"]
[EventCountry "CAN"]

1. e4 c5 2. Na3 Nc6 3. Bb5 Nd4 4. Ba4 Nc6 5. Bxc6 dxc6 6. d3 e5 7. f4 exf4 8. Bxf4 Ne7 9. Qd2 Ng6 10. Bg3 Be7 11. Nf3 O-O 12. Nc4 Be6 13. Ne3 Qb6 14. c3 Rad8 15. O-O Rd7 16. Qc2 Rfd8 17. Nc4 Bxc4 18. dxc4 Qa6 19. b3 b5 20. e5 Rd3 21. Ne1 Rd2 22. Qf5 Rf8 23. Nf3 Rdd8 24. e6 f6 25. h4 Rfe8 26. h5 Nf8 27. Rae1 bxc4 28. Qg4 cxb3 29. axb3 Qd3 30. Bf4 f5 31. Qg3 Bf6 32. e7 Rxe7 33. Rxe7 Bxe7 34. Be5 Ne6 35. Re1 Qd7 36. Qf2 Nf8 37. Qe3 Qe6 38. Qf4 Qf7 39. Qa4 Qxh5 40. Bxg7 Bf6 41. Bxf6 Re8 42. Qc4+ Ne6 43. Rxe6 1-0

[Event "Maplewood Pro Cup"]
[Site "Montreal CAN"]
[Date "2024.06.01"]
[Round "4.14"]
[White "Kot, Emanuel"]
[Black "Duval, Merlin"]
[Result "1-0"]
[WhiteElo "2105"]
[BlackElo "1753"]
[WhiteFideId "-1"]
[WhiteFideId "-1"]
[PlyCount "73"]
[GameId "2160767905935086"]
[EventDate "2024.05.31"]
[EventType "swiss"]
[EventRounds "6"]
[EventCountry "CAN"]

1. e4 c5 2. Nf3 d6 3. d4 cxd4 4. Nxd4 Nf6 5. Nc3 a6 6. f3 e5 7. Nb3 Be6 8. Be3 Be7 9. Qd2 O-O 10. O-O-O Qc7 11. g4 b5 12. Kb1 Nbd7 13. g5 Nh5 14. Nd5 Bxd5 15. exd5 Rfc8 16. Bh3 a5 17. Bg4 a4 18. Na5 Rxa5 19. Bxd7 Rb8 20. Bc6 g6 21. a3 Ng7 22. h4 Ra6 23. Qb4 Qa5 24. Qxa5 Rxa5 25. Bd7 Rb7 26. Bg4 Nf5 27. Bf2 Ra8 28. c3 Bd8 29. Rhe1 Bb6 30. Bxb6 Rxb6 31. h5 Re8 32. Rd2 Rb7 33. Kc2 Rc7 34. hxg6 hxg6 35. Re4 Rc4 36. Bh3 Nd4+ 37. Rdxd4 1-0

[Event "Maplewood Pro Cup"]
[Site "Montreal CAN"]
[Date "2024.06.02"]
[Round "5.10"]
[White "Li, Yi Lin"]
[Black "Kot, Emanuel"]
[Result "1/2-1/2"]
[WhiteElo "1919"]
[BlackElo "2105"]
[WhiteFideId "-1"]
[WhiteFideId "-1"]
[PlyCount "89"]
[GameId "2160767905935105"]
[EventDate "2024.05.31"]
[EventType "swiss"]
[EventRounds "6"]
[EventCountry "CAN"]

1. e4 c5 2. Nf3 d6 3. d4 cxd4 4. Nxd4 Nf6 5. Nc3 Nc6 6. f3 e5 7. Ndb5 a6 8. Na3 Be6 9. Nc4 d5 10. exd5 Nxd5 11. Nxd5 Bxd5 12. Be3 Be6 13. Nb6 Rb8 14. Qxd8+ Rxd8 15. c3 Bd6 16. Bc4 Bxc4 17. Nxc4 Bc7 18. Bc5 Kd7 19. Nb6+ Ke6 20. Ke2 f5 21. b4 Ne7 22. Rac1 Nd5 23. Nxd5 Rxd5 24. c4 Rd7 25. Rhd1 Rhd8 26. Rxd7 Rxd7 27. Rc3 e4 28. fxe4 fxe4 29. g3 Kf5 30. Rc2 Rd3 31. b5 Be5 32. b6 Ke6 33. Be3 Kd7 34. c5 Kc6 35. Rc4 Ra3 36. Rxe4 Rxa2+ 37. Kf3 Bf6 38. Re8 Ra3 39. Ke4 Rxe3+ 40. Kxe3 Kxc5 41. Re6 Kd5 42. Re8 Kc5 43. Re6 Kd5 44. Re8 Kc5 45. Re6 1/2-1/2

[Event "Maplewood Pro Cup"]
[Site "Montreal CAN"]
[Date "2024.06.02"]
[Round "6.10"]
[White "Kot, Emanuel"]
[Black "Jacquet, Stephane"]
[Result "1-0"]
[WhiteElo "2105"]
[BlackElo "1907"]
[WhiteFideId "-1"]
[WhiteFideId "-1"]
[PlyCount "119"]
[GameId "2160767905935125"]
[EventDate "2024.05.31"]
[EventType "swiss"]
[EventRounds "6"]
[EventCountry "CAN"]

1. e4 c5 2. Nf3 g6 3. d4 cxd4 4. Nxd4 Nc6 5. c4 Nf6 6. Nc3 Bg7 7. Be3 Ng4 8. Qxg4 Nxd4 9. Qd1 e5 10. Bd3 d6 11. O-O O-O 12. Qd2 Be6 13. b3 Qd7 14. f3 Nc6 15. Bc2 Qe7 16. Rad1 Rfd8 17. Nb5 Bf8 18. Bb1 a6 19. Nc3 Rab8 20. Bb6 Rdc8 21. Qf2 Bg7 22. Rfe1 Nd4 23. Ne2 Nxe2+ 24. Rxe2 f5 25. Red2 Rc6 26. a4 Bh6 27. Re2 Kh8 28. a5 Rg8 29. g3 f4 30. g4 Bg5 31. Red2 h5 32. h3 hxg4 33. hxg4 Qf8 34. Kg2 Rg7 35. Rh1+ Rh7 36. Rdd1 Qg7 37. Bd3 Kg8 38. Qe2 Rh4 39. Rxh4 Bxh4 40. b4 Qf7 41. b5 axb5 42. cxb5 Rc3 43. a6 bxa6 44. bxa6 Ra3 45. Bg1 Bb3 46. Rd2 Qc7 47. a7 Kg7 48. Rb2 Qc3 49. Qd2 Qxd2+ 50. Rxd2 d5 51. Bc5 Ra5 52. exd5 Bxd5 53. Be4 Bxe4 54. fxe4 Kh6 55. Rd3 Kg5 56. Ra3 Rxc5 57. a8=Q Kxg4 58. Qa4 Rc7 59. Qd1+ Kg5 60. Qd8+ 1-0

[Event "Ontario op"]
[Site "Toronto CAN"]
[Date "2024.05.18"]
[Round "2.10"]
[White "Ning, Eric"]
[Black "Kot, Emanuel"]
[Result "1-0"]
[WhiteElo "2013"]
[BlackElo "2105"]
[WhiteFideId "-1"]
[WhiteFideId "-1"]
[PlyCount "103"]
[GameId "2160767905935278"]
[EventDate "2024.05.18"]
[EventType "swiss"]
[EventRounds "6"]
[EventCountry "CAN"]
[SourceTitle "10 Days #760"]
[Source "ChessMix"]
[SourceDate "2024.06.01"]
[SourceVersion "1"]
[SourceVersionDate "2024.06.01"]
[SourceQuality "1"]

1. d4 Nf6 2. c4 g6 3. f3 Bg7 4. e4 d6 5. Nc3 O-O 6. Be3 a6 7. Qd2 Nc6 8. Nge2 Rb8 9. d5 Ne5 10. Nd4 c5 11. dxc6 Nxc6 12. Nc2 Be6 13. Rc1 Nd7 14. Be2 Qa5 15. Na1 f5 16. Nb3 Qe5 17. Bf4 Qf6 18. Bg5 Qf7 19. O-O Nc5 20. Nd5 Nxb3 21. axb3 Bxd5 22. exd5 Nd4 23. Bd1 e5 24. dxe6 Nxe6 25. Be3 Qf6 26. Rf2 b6 27. Qd5 f4 28. Bd2 Qf7 29. Bc3 Nc5 30. Rd2 Qxd5 31. Rxd5 Rbd8 32. b4 Ne6 33. Bb3 Bxc3 34. bxc3 Kf7 35. Re1 Kf6 36. Red1 Ke7 37. Kf2 Rfe8 38. g3 Rf8 39. Re1 Kf6 40. Rd3 g5 41. c5 Ng7 42. cxd6 Rd7 43. gxf4 gxf4 44. Re4 Kg5 45. c4 Rf5 46. Red4 Kf6 47. Rd5 Rxd5 48. Rxd5 Nf5 49. c5 bxc5 50. bxc5 Ne3 51. c6 Rg7 52. d7 1-0

[Event "Ontario op"]
[Site "Toronto CAN"]
[Date "2024.05.19"]
[Round "3.13"]
[White "Kot, Emanuel"]
[Black "Malakar, Saarthak"]
[Result "1/2-1/2"]
[WhiteElo "2230"]
[BlackElo "2145"]
[WhiteFideId "-1"]
[WhiteFideId "-1"]
[PlyCount "106"]
[GameId "2160767905935297"]
[EventDate "2024.05.18"]
[EventType "swiss"]
[EventRounds "6"]
[EventCountry "CAN"]

1. e4 c6 2. d4 d5 3. Nc3 dxe4 4. Nxe4 Nf6 5. Nxf6+ exf6 6. c3 Bd6 7. Bd3 O-O 8. Qc2 Re8+ 9. Ne2 h5 10. O-O h4 11. Nf4 Qc7 12. g3 Nd7 13. Qd1 Nf8 14. Qh5 b5 15. Bd2 g6 16. Qh6 Bg4 17. f3 Be6 18. Nxe6 Rxe6 19. Qxh4 Rae8 20. Qh3 R6e7 21. Qg2 Ne6 22. b4 Qb6 23. Qf2 c5 24. dxc5 Nxc5 25. Be4 f5 26. Be3 Nxe4 27. Bxb6 Nxf2 28. Bxf2 Be5 29. Rac1 Bf6 30. Rc2 Rd7 31. Rfc1 a6 32. c4 bxc4 33. Rxc4 Rd3 34. f4 Re2 35. R1c2 Rxc2 36. Rxc2 Be7 37. Bc5 Kf8 38. Bxe7+ Kxe7 39. Rc7+ Ke6 40. a4 Rd4 41. Rb7 a5 42. bxa5 Rxa4 43. Rb6+ Kd5 44. Rb5+ Ke4 45. Kg2 Ra2+ 46. Kh3 f6 47. Rb4+ Kf3 48. Rb3+ Ke4 49. Rb4+ Kf3 50. Rb3+ Ke4 51. Rb1 g5 52. Rb4+ Kf3 53. Rb3+ Ke4 1/2-1/2

[Event "Ontario op"]
[Site "Toronto CAN"]
[Date "2024.05.20"]
[Round "5.10"]
[White "Filipovich, David"]
[Black "Kot, Emanuel"]
[Result "0-1"]
[WhiteElo "1949"]
[BlackElo "2105"]
[WhiteFideId "-1"]
[WhiteFideId "-1"]
[PlyCount "108"]
[GameId "2160767905935322"]
[EventDate "2024.05.18"]
[EventType "swiss"]
[EventRounds "6"]
[EventCountry "CAN"]
[SourceTitle "10 Days #760"]
[Source "ChessMix"]
[SourceDate "2024.06.01"]
[SourceVersion "1"]
[SourceVersionDate "2024.06.01"]
[SourceQuality "1"]

1. Nf3 Nf6 2. g3 g6 3. Bg2 Bg7 4. O-O O-O 5. d4 d6 6. b3 a5 7. Bb2 a4 8. c4 axb3 9. axb3 Rxa1 10. Bxa1 c6 11. Nbd2 Na6 12. e4 Bg4 13. Re1 Nd7 14. h3 Bxf3 15. Nxf3 e6 16. d5 cxd5 17. exd5 e5 18. h4 Qb6 19. Bc3 Ndc5 20. Nd2 Nb4 21. Bxb4 Qxb4 22. Ne4 Nxe4 23. Bxe4 f5 24. Bc2 Ra8 25. Re2 e4 26. Qd2 Ra1+ 27. Kg2 Qxd2 28. Rxd2 Bc3 29. Re2 h5 30. f3 exf3+ 31. Kxf3 Kf7 32. Re6 Bb4 33. Re2 Bc5 34. Kg2 b6 35. Kf3 Rf1+ 36. Kg2 Rg1+ 37. Kf3 Bd4 38. Rg2 Re1 39. Re2 Ra1 40. Kg2 Be5 41. Kf3 Ke7 42. Rg2 Kd8 43. Re2 Kc7 44. Kf2 Kb7 45. Bd3 Ra3 46. Bc2 Ka6 47. c5 bxc5 48. Bd3+ Ka5 49. Bc4 Kb4 50. Rc2 Ra1 51. Kg2 Re1 52. Kf2 Re4 53. Bd3 Bd4+ 54. Kg2 Re3 0-1

[Event "Ontario op"]
[Site "Toronto CAN"]
[Date "2024.05.20"]
[Round "6.6"]
[White "Kot, Emanuel"]
[Black "Zheng, Victor"]
[Result "1-0"]
[WhiteElo "2105"]
[BlackElo "1861"]
[WhiteFideId "-1"]
[WhiteFideId "-1"]
[PlyCount "103"]
[GameId "2160767905935330"]
[EventDate "2024.05.18"]
[EventType "swiss"]
[EventRounds "6"]
[EventCountry "CAN"]
[SourceTitle "10 Days #760"]
[Source "ChessMix"]
[SourceDate "2024.06.01"]
[SourceVersion "1"]
[SourceVersionDate "2024.06.01"]
[SourceQuality "1"]

1. e4 d6 2. d4 Nf6 3. Nc3 g6 4. Be3 Bg7 5. Qd2 c6 6. f3 Nbd7 7. O-O-O Qa5 8. Kb1 O-O 9. Nd5 Qd8 10. Nxf6+ Nxf6 11. g4 Qc7 12. Ne2 e5 13. Ng3 exd4 14. Bxd4 Rd8 15. g5 Ne8 16. Bxg7 Nxg7 17. Be2 Be6 18. f4 d5 19. e5 b5 20. h4 Nf5 21. Nxf5 Bxf5 22. h5 a5 23. Bd3 Qd7 24. Rh4 Bxd3 25. cxd3 Qe6 26. Rf1 Qf5 27. Re1 Re8 28. Reh1 Re7 29. Rc1 Rc7 30. Rc5 a4 31. Qe3 Rb8 32. h6 b4 33. Rh1 b3 34. a3 d4 35. Qe4 Qd7 36. Rhc1 Rbc8 37. R1c4 Qh3 38. Rxa4 Qf1+ 39. Rc1 Qf2 40. Qxd4 Qxd4 41. Rxd4 c5 42. Rdc4 Kf8 43. R1c3 Rd7 44. Rxb3 Rcd8 45. Rxc5 Rd4 46. Rc4 R4d5 47. Kc2 Ke7 48. Rb7+ Ke8 49. Rcc7 Rxd3 50. Re7+ Kf8 51. Rxf7+ Kg8 52. Rxh7 1-0

[Event "CAN-ch"]
[Site "Toronto CAN"]
[Date "2024.03.27"]
[Round "1.15"]
[White "Doknjas, Neil"]
[Black "Kot, Emanuel"]
[Result "1-0"]
[WhiteElo "2273"]
[BlackElo "2035"]
[WhiteFideId "-1"]
[WhiteFideId "-1"]
[PlyCount "82"]
[GameId "2160767906027140"]
[EventDate "2024.03.27"]
[EventType "swiss"]
[EventRounds "10"]
[EventCountry "CAN"]

1. e4 c5 2. Nc3 Nc6 3. Nf3 d6 4. h3 Nf6 5. d4 cxd4 6. Nxd4 e5 7. Nxc6 bxc6 8. Bd3 Be6 9. O-O Be7 10. Qe2 O-O 11. b3 Nd7 12. Na4 d5 13. f4 exf4 14. Bxf4 Re8 15. Rad1 Nf8 16. Qf2 Ng6 17. Bg3 f6 18. exd5 cxd5 19. Bb5 Rf8 20. Bc6 Rc8 21. Bb7 Qa5 22. Qe1 Qxe1 23. Rfxe1 Bf7 24. Bxc8 Rxc8 25. Re2 h5 26. c3 Bf8 27. Rc2 Ne5 28. Bf2 Rc7 29. Bd4 Bd6 30. Nb2 h4 31. Rcd2 Bh5 32. Rf1 Bg6 33. Bf2 Be4 34. c4 Bb4 35. Rdd1 dxc4 36. Rd8+ Kh7 37. Nxc4 Bd3 38. Rc1 g5 39. Bd4 Be7 40. Bxe5 Bxd8 41. Bxc7 Bxc7 1-0

[Event "CAN-ch"]
[Site "Toronto CAN"]
[Date "2024.03.28"]
[Round "2.24"]
[White "Kot, Emanuel"]
[Black "Lin, Leo"]
[Result "1/2-1/2"]
[WhiteElo "2035"]
[BlackElo "2153"]
[WhiteFideId "-1"]
[WhiteFideId "-1"]
[PlyCount "128"]
[GameId "2160767906027179"]
[EventDate "2024.03.27"]
[EventType "swiss"]
[EventRounds "10"]
[EventCountry "CAN"]

1. e4 c5 2. Nf3 d6 3. d4 cxd4 4. Nxd4 Nf6 5. Nc3 Nc6 6. Bc4 Bd7 7. Be3 Ng4 8. Nxc6 bxc6 9. Bd2 g6 10. O-O Bg7 11. Be2 Nf6 12. Rb1 O-O 13. Be3 Qa5 14. h3 Rab8 15. Bc4 Rb4 16. Qd3 d5 17. exd5 Bf5 18. Qe2 cxd5 19. Bd3 Bxd3 20. Qxd3 Rfb8 21. b3 e5 22. Na4 e4 23. Qd2 Rc8 24. Rfd1 Rb5 25. Qe2 a6 26. Rbc1 Ne8 27. c4 dxc4 28. Rxc4 Rxc4 29. Qxc4 Re5 30. Bb6 Qb5 31. Rd8 Bf6 32. Ra8 Kg7 33. Rxa6 Qd7 34. Bd4 Rf5 35. Bxf6+ Nxf6 36. Qe2 Qd4 37. Rc6 Qa1+ 38. Kh2 Qe5+ 39. Kg1 Qa1+ 40. Kh2 Qe5+ 41. g3 Qd4 42. Rc2 h5 43. Rd2 Qe5 44. Nb2 h4 45. Nc4 hxg3+ 46. fxg3 Qc3 47. Qe3 Qc1 48. Rg2 Qd1 49. Qe2 Qb1 50. Qb2 Qe1 51. Qd2 Qa1 52. Rf2 Rxf2+ 53. Qxf2 Qc3 54. g4 Kg8 55. Qe3 Qa1 56. Qd2 Qf1 57. Qg2 Qf4+ 58. Qg3 Qf1 59. Qg2 Qe1 60. Qd2 Qf1 61. Qd8+ Kh7 62. Qd2 Nd5 63. Qxd5 Qf2+ 64. Kh1 Qf1+ 1/2-1/2